Une ville, un pays (lettre I) - Statistiques

Statistiques générales
  • Ce quiz a été pris 71 fois
  • Le résultat moyen est 15 sur 24
Statistiques - réponses
Hint Réponse % Correct
Istanbul Turquie
100%
Indianapolis Etats-Unis
95%
Istres France
93%
Irkoutsk Russie
90%
Innsbruck Autriche
88%
Ispahan Iran
86%
Irun Espagne
85%
Imola Italie
83%
Ichikawa Japon
80%
Inverness Royaume-Uni
80%
Indore Inde
75%
Iéna Allemagne
71%
Iquitos Pérou
69%
Irapuato Mexique
66%
Incheon Corée du Sud
59%
Iquíque Chili
56%
Ismaïlia Egypte
47%
Ioánnina Grèce
44%
Ifrane Maroc
44%
Ibadan Nigéria
44%
Invercargill Nouvelle-Zélande
39%
Ibb Yémen
14%
Iringa Tanzanie
12%
Inhambane Mozambique
7%
Aucun quiz correspondant
Distribution des résultats
% des personnes avec chaque résultat
Percentile par nombre de réponses
Votre historique - résultats
Vous n’avez pas pris ce quiz